| 000 | 00737nam a2200217 4500 | ||
|---|---|---|---|
| 010 | _aB-011546 | ||
| 020 | _a0521440866 | ||
| 035 | _aB-011546 | ||
| 037 | _bCen Lib / Ret | ||
| 040 |
_aDPL _bEN |
||
| 082 |
_a880.3 _bOUS |
||
| 100 | _aOusby, Ian | ||
| 245 |
_aThe Cambridge Guide to Literature in English / _cby Ian Ousby |
||
| 260 |
_aCambridge _b Cambridge University Press _c1993 |
||
| 270 |
_a Cambridge University Press _b40 West 20th Street _eNew York |
||
| 300 |
_a1055p ; _c27cm(Hb) |
||
| 650 | _aEnglish literature -- Dictionaries. | ||
| 650 | _aCommonwealth literature (English) -- Bio-bibliography. | ||
| 650 | _aCommonwealth literature (English) -- Dictionaries. | ||
| 942 |
_2ddc _cEN _h880.3 _mQUS |
||
| 999 |
_c137061 _d137061 |
||